Plus longs fleuves et rivières françaises sur une carte - Statistiques

Statistiques générales
  • Ce quiz a été pris 130 fois
  • Le résultat moyen est 16 sur 21
Réponses sur la Carte
Les réponses sont colorées sur une échelle allant du rouge au vert en fonction du pourcentage des utilisateurs qui les ont devinées à leur premier essai. Vous pouvez retrouver ces pourcentages ci-dessous.
 
Statistiques - réponses
Cours d'eau Longeur (km) % Correct
Seine 775
100%
Loir 319
99%
Rhône 545
98%
Loire 1006
97%
Garonne 523
93%
Marne 514
84%
Saône 473
79%
Cher 365
78%
Meuse 486
76%
Moselle 314
73%
Tarn 380
71%
Lot 485
70%
Oise 327
70%
Dordogne 483
67%
Charente 381
66%
Doubs 430
65%
Allier 421
58%
Vienne 372
57%
Aisne 356
53%
Sarthe 314
53%
Durance 323
50%
Aucun quiz correspondant
Distribution des résultats
% des personnes avec chaque résultat
Percentile par nombre de réponses
Votre historique - résultats
Vous n’avez pas pris ce quiz